Уральские сказы

Bibliografiska uppgifter
Huvudupphovsman: Бажов П. П. Павел Петрович
Övriga upphovsmän: Бажанов Ю. К. (иллюстратор)
Språk:ryska
Publicerad: Москва, Правда, 1988
Ämnen:
Materialtyp: Bok
KOHA link:https://koha.lib.tpu.ru/cgi-bin/koha/opac-detail.pl?biblionumber=118355

MARC

LEADER 00000nam0a2200000 4500
001 118355
005 20231101215450.0
020 |a RU  |b 88-18984 
035 |a (RuTPU)RU\TPU\book\128075 
090 |a 118355 
100 |a 20070609d1988 m y0rusy5003 ca 
101 0 |a rus 
102 |a RU 
105 |a a z 000ay 
200 1 |a Уральские сказы  |f П. П. Бажов  |g худож. Ю. К. Бажанов 
210 |a Москва  |c Правда  |d 1988 
215 |a 478,[1] с.  |c ил.  |d 22 см 
327 1 |a Содерж.: Повести: Зеленая кобылка; Дальнее - близкое; Сказы: Медной горы Хозяйка; Малахитовая шкатулка; Каменный цветок; Горный мастер; Хрупкая веточка; Железковы покрышки; Две ящерки; Приказчиковы подошвы, и др. 
610 1 |a сказы 
610 1 |a русская литература 
610 1 |a повести 
610 1 |a Урал 
675 |a Р2  |z rus  |v 3 
700 1 |a Бажов  |b П. П.  |c русский писатель  |f 1879-1950  |g Павел Петрович  |2 stltpush  |3 (RuTPU)RU\TPU\pers\3670  |9 806 
702 1 |a Бажанов  |b Ю. К.  |4 440 
801 0 |a RU  |b RuMRKP  |c 19950417  |g psbo 
801 1 |a RU  |b 63413507  |c 20070609  |g PSBO 
801 2 |a RU  |b 63413507  |c 20070903  |g PSBO 
942 |c BK